[Event "Juegos Univers 31st blitz op"]
[Site "Pereira"]
[Date "2024.10.02"]
[Round "1"]
[White "Londono Lopez, Donaldo Eliuver"]
[Black "Ducuara Alape, Ronaldo"]
[Result "1/2-1/2"]
[WhiteElo "2145"]
[BlackElo "1761"]
[PlyCount "114"]
[EventDate "2024.10.02"]
[EventType "swiss"]
[EventRounds "14"]
[EventCountry "COL"]
[SourceTitle "CB41_2024"]
[SourceDate "2024.10.09"]
[SourceVersion "1"]
[SourceVersionDate "2024.10.09"]
[SourceQuality "1"]

1. e4 c5 2. Nf3 g6 3. d4 cxd4 4. Nxd4 Bg7 5. c4 Nc6 6. Be3 Nf6 7. Nc3 0-0 8. Be2 d6 9. Nxc6 bxc6 10. Qc2 Qa5 11. 0-0 Ng4 12. Bd2 Qe5 13. g3 Rb8 14. Kg2 f5 15. f4 Qd4 16. Bxg4 fxg4 17. b3 Qc5 18. Rae1 Qh5 19. Re2 e6 20. Qd3 d5 21. exd5 cxd5 22. cxd5 exd5 23. Kg1 Bb7 24. Re7 Rfd8 25. Na4 d4 26. Rfe1 Qh3 27. Qe2 Rf8 28. Nc5 Bf3 29. Qf2 Rbc8 30. Ne6 Rf7 31. Rxf7 Kxf7 32. Nxg7 Kxg7 33. Qxd4+ Kh6 34. Qf2 Rc2 35. f5+ g5 36. f6 Kg6 37. Rc1 Rxc1+ 38. Bxc1 Kxf6 39. Qd4+ Kg6 40. Qd3+ Kh6 41. Qd2 Qh5 42. Qd6+ Kg7 43. Qe7+ Kg8 44. Qxg5+ Qxg5 45. Bxg5 Kf7 46. Be3 a6 47. Kf2 Ke6 48. h3 h5 49. hxg4 hxg4 50. b4 Kd5 51. a4 Bd1 52. a5 Kc4 53. Bc5 Kb5 54. Ke3 Bf3 55. Kf4 Bd1 56. Kg5 Kc6 57. Kf4 Kb5 1/2-1/2

[Event "Juegos Univers 31st op"]
[Site "Pereira"]
[Date "2024.09.30"]
[Round "6"]
[White "Valderrama Quiceno, Esteban Alberto"]
[Black "Londono Lopez, Donaldo Eliuver"]
[Result "1/2-1/2"]
[WhiteElo "2418"]
[BlackElo "2145"]
[PlyCount "50"]
[EventDate "2024.09.28"]
[EventType "swiss"]
[EventRounds "7"]
[EventCountry "COL"]
[SourceTitle "CB41_2024"]
[SourceDate "2024.10.09"]
[SourceVersion "1"]
[SourceVersionDate "2024.10.09"]
[SourceQuality "1"]

1. e4 c5 2. Nf3 e6 3. d4 cxd4 4. Nxd4 a6 5. Nc3 Qc7 6. g3 Nf6 7. Bg2 Be7 8. 0-0 d6 9. a4 0-0 10. h3 Bd7 11. g4 Nc6 12. Nde2 Nb4 13. g5 Ne8 14. Be3 a5 15. Nd4 Rc8 16. h4 b6 17. Qd2 Qb8 18. f4 d5 19. exd5 Bc5 20. dxe6 fxe6 21. Rad1 Nd6 22. Qe2 Qc7 23. Kh1 Rce8 24. Bg1 Kh8 25. h5 Nf5 1/2-1/2

[Event "Juegos Univers 31st op"]
[Site "Pereira"]
[Date "2024.09.29"]
[Round "4"]
[White "Londono Lopez, Donaldo Eliuver"]
[Black "Toro Castaneda, Miguel Angel"]
[Result "1-0"]
[WhiteElo "2145"]
[BlackElo "2047"]
[PlyCount "69"]
[EventDate "2024.09.28"]
[EventType "swiss"]
[EventRounds "7"]
[EventCountry "COL"]
[SourceTitle "CB41_2024"]
[SourceDate "2024.10.09"]
[SourceVersion "1"]
[SourceVersionDate "2024.10.09"]
[SourceQuality "1"]

1. e4 c5 2. Nf3 e6 3. d4 cxd4 4. Nxd4 a6 5. Nc3 b5 6. g3 Bb7 7. Bg2 Nf6 8. 0-0 b4 9. Na4 Bxe4 10. Bxe4 Nxe4 11. c4 Qf6 12. Bf4 Be7 13. Re1 g5 14. Bxb8 Nxf2 15. Qd2 Nh3+ 16. Kg2 Rxb8 17. Kxh3 e5 18. Re2 h5 19. Rae1 Bd6 20. Kg2 h4 21. g4 h3+ 22. Kh1 Bc7 23. b3 Rh4 24. Re4 Kf8 25. Nf5 Rd8 26. Nxh4 gxh4 27. Qe3 d5 28. cxd5 Rxd5 29. Qxh3 Rd2 30. R4e2 Rd4 31. Rf1 Qg6 32. Ref2 Kg8 33. Rxf7 Rxg4 34. Rxc7 e4 35. Qxg4 1-0

[Event "Pereira GP op 2nd"]
[Site "Pereira"]
[Date "2023.10.21"]
[Round "3"]
[White "Londono Lopez, Donaldo Eliuver"]
[Black "Torres, Saulo de Jesus"]
[Result "1-0"]
[WhiteElo "2071"]
[BlackElo "1718"]
[PlyCount "91"]
[EventDate "2023.10.21"]
[EventType "swiss"]
[EventRounds "6"]
[EventCountry "COL"]
[SourceTitle "Mega2024 Update 01"]
[Source "Chessbase"]
[SourceDate "2023.11.12"]
[SourceVersion "1"]
[SourceVersionDate "2023.11.12"]
[SourceQuality "1"]

1. e4 c5 2. Nf3 g6 3. d4 cxd4 4. Nxd4 Nc6 5. c4 Nf6 6. Nc3 Nxd4 7. Qxd4 d6 8. Bg5 Bg7 9. Qd2 0-0 10. Be2 Bd7 11. 0-0 Bc6 12. f3 a5 13. Rac1 a4 14. Rfd1 Nd7 15. Kh1 Nc5 16. Nb5 Bxb5 17. cxb5 Qd7 18. Bc4 Rfc8 19. Qf2 Rc7 20. b6 Rcc8 21. Bxf7+ Kxf7 22. Rxc5 Rxc5 23. Qxc5 Bxb2 24. Qd5+ Kg7 25. e5 Rc8 26. exd6 exd6 27. Qxd6 Qf7 28. Qd2 a3 29. Bh6+ Kg8 30. Qd8+ Qe8 31. Qd5+ Qf7 32. Qd8+ Qe8 33. Qd7 Qxd7 34. Rxd7 Rc6 35. Rxb7 Be5 36. Re7 Bf6 37. Re8+ Kf7 38. Rf8+ Ke7 39. b7 g5 40. Rc8 Re6 41. Re8+ Kxe8 42. b8Q+ Kd7 43. Qb7+ Kd6 44. Bf8+ Be7 45. Bxe7+ Rxe7 46. Qb4+ 1-0

[Event "COL-ch Students"]
[Site "Santa Fe"]
[Date "2023.09.24"]
[Round "3"]
[White "Valderrama Quiceno, Esteban Alberto"]
[Black "Londono Lopez, Donaldo Eliuver"]
[Result "1-0"]
[WhiteElo "2424"]
[BlackElo "2071"]
[PlyCount "87"]
[EventDate "2023.09.23"]
[EventType "swiss"]
[EventRounds "6"]
[EventCountry "COL"]
[SourceTitle "EXT 2024"]
[Source "ChessBase"]
[SourceDate "2023.10.10"]
[SourceVersion "1"]
[SourceVersionDate "2023.10.10"]
[SourceQuality "1"]

1. e4 c5 2. Nf3 d6 3. Bb5+ Nc6 4. 0-0 Bd7 5. Re1 a6 6. Bxc6 Bxc6 7. d4 cxd4 8. Nxd4 Rc8 9. c4 Nf6 10. Nc3 g6 11. Bg5 Bg7 12. Qd2 0-0 13. Rac1 Re8 14. f3 Qa5 15. Be3 b5 16. cxb5 axb5 17. Ncxb5 Qxd2 18. Bxd2 Bxb5 19. Nxb5 Rxc1 20. Rxc1 Rb8 21. a4 Nd7 22. b4 d5 23. exd5 Nb6 24. a5 Nxd5 25. a6 f5 26. a7 Rd8 27. Kf1 Kf7 28. Ke2 Be5 29. g3 g5 30. Rc5 Ke6 31. Bxg5 Ra8 32. Bd2 Bd6 33. Nxd6 Kxd6 34. Ra5 Kc6 35. Kd3 e5 36. Be3 e4+ 37. fxe4 fxe4+ 38. Kd4 Nxb4 39. Kxe4 Re8+ 40. Kf3 Rf8+ 41. Kg4 Ra8 42. Rc5+ Kd6 43. Rh5 Nd5 44. Bd4 1-0

[Event "Pereira Fiestas de la Cosecha op"]
[Site "Pereira"]
[Date "2023.08.27"]
[Round "7"]
[White "Londono Lopez, Donaldo Eliuver"]
[Black "Lopez Ramirez, Jorge Hernan"]
[Result "1-0"]
[WhiteElo "2051"]
[BlackElo "1908"]
[PlyCount "82"]
[EventDate "2023.08.24"]
[EventType "swiss"]
[EventRounds "7"]
[EventCountry "COL"]
[SourceTitle "EXT 2024"]
[Source "ChessBase"]
[SourceDate "2023.10.10"]
[SourceVersion "1"]
[SourceVersionDate "2023.10.10"]
[SourceQuality "1"]

1. e4 c5 2. Nf3 Nc6 3. d4 cxd4 4. Nxd4 Nf6 5. Nc3 e5 6. Ndb5 d6 7. Bg5 a6 8. Na3 b5 9. Nd5 Be7 10. Bxf6 Bxf6 11. c3 0-0 12. Nc2 Bg5 13. a4 bxa4 14. Rxa4 Bb7 15. h4 Bh6 16. Bc4 Ne7 17. Rb4 Ra7 18. b3 Kh8 19. Rh3 f5 20. Rxb7 Rxb7 21. Nxe7 Rxe7 22. exf5 Rxf5 23. g4 Rf8 24. g5 d5 25. Bxd5 Rd7 26. c4 Bxg5 27. hxg5 Qxg5 28. Rg3 Qf4 29. Rg2 e4 30. Ne3 Qe5 31. Qc2 Re7 32. Rg4 a5 33. Rxe4 Qa1+ 34. Ke2 Rxe4 35. Bxe4 Rb8 36. c5 a4 37. c6 axb3 38. c7 Rc8 39. Qxb3 Qe5 40. Bf5 Qxc7 41. Bxc8 Qxc8 1-0

[Event "Pereira Fiestas de la Cosecha op"]
[Site "Pereira"]
[Date "2023.08.25"]
[Round "3"]
[White "Londono Lopez, Donaldo Eliuver"]
[Black "Puerta Rendon, Jacobo"]
[Result "1-0"]
[WhiteElo "2051"]
[BlackElo "1757"]
[PlyCount "63"]
[EventDate "2023.08.24"]
[EventType "swiss"]
[EventRounds "7"]
[EventCountry "COL"]
[SourceTitle "EXT 2024"]
[Source "ChessBase"]
[SourceDate "2023.10.10"]
[SourceVersion "1"]
[SourceVersionDate "2023.10.10"]
[SourceQuality "1"]

1. e4 e6 2. d4 d5 3. Nc3 Nf6 4. e5 Nfd7 5. f4 c5 6. Nf3 Nc6 7. Be3 Be7 8. Qd2 a6 9. a3 b5 10. dxc5 Bxc5 11. Bxc5 Nxc5 12. b4 Ne4 13. Nxe4 dxe4 14. Qxd8+ Kxd8 15. Ng5 Ke7 16. Nxe4 Nd4 17. 0-0-0 Rd8 18. Nd6 Nc6 19. Be2 Ra7 20. Bf3 Bd7 21. Nxf7 Rf8 22. Nd6 Rc7 23. Rhf1 Rxf4 24. Bxc6 Rxf1 25. Rxf1 Bxc6 26. Rf7+ Kd8 27. Rf8+ Ke7 28. Rg8 g6 29. Rh8 Bxg2 30. Rxh7+ Kd8 31. Rh8+ Ke7 32. Rg8 1-0

[Event "COL-ch 20"]
[Site "Cali"]
[Date "2023.06.24"]
[Round "5"]
[White "Hernandez Jimenez, Xavi"]
[Black "Londono Lopez, Donaldo Eliuver"]
[Result "1/2-1/2"]
[WhiteElo "1930"]
[BlackElo "2071"]
[PlyCount "113"]
[EventDate "2023.06.22"]
[EventType "swiss"]
[EventRounds "7"]
[EventCountry "COL"]
[SourceTitle "CBM 214 Extra"]
[Source "ChessBase"]
[SourceDate "2023.07.31"]
[SourceVersion "1"]
[SourceVersionDate "2023.07.31"]
[SourceQuality "1"]

1. d4 Nf6 2. Bf4 e6 3. Nf3 c5 4. e3 b6 5. Be2 Bb7 6. Nbd2 cxd4 7. exd4 Be7 8. h3 0-0 9. 0-0 d6 10. c3 Nbd7 11. a4 a6 12. Bh2 Qc7 13. Re1 Rfe8 14. Rc1 Bf8 15. Nc4 Bxf3 16. gxf3 Qc6 17. Bf1 Qd5 18. f4 g6 19. Ne3 Qh5 20. Qxh5 Nxh5 21. Bg2 Ra7 22. Bc6 Rc8 23. Bf3 Ndf6 24. d5 Bh6 25. dxe6 fxe6 26. Ng4 Nxg4 27. Bxg4 Re8 28. Rcd1 Nxf4 29. Rxd6 b5 30. a5 e5 31. Bxf4 Bxf4 32. b3 Kf7 33. c4 bxc4 34. bxc4 h5 35. Bf3 e4 36. Rd4 Bd2 37. Rxd2 exf3 38. Rxe8 Kxe8 39. Rd6 Kf7 40. c5 Rc7 41. c6 Re7 42. Kh2 Re5 43. Rd3 Rc5 44. Rxf3+ Ke7 45. c7 Rxc7 46. Rb3 Rc5 47. Rb6 Rxa5 48. Rxg6 Kf7 49. Rb6 Ra3 50. Kg2 Kg7 51. Kh2 a5 52. Ra6 a4 53. Kg2 Kh7 54. h4 Kg7 55. Kh2 Ra1 56. Kg2 Ra3 57. Kh2 1/2-1/2

[Event "Palmira Fortalece Sede"]
[Site "Palmira"]
[Date "2022.12.18"]
[Round "10"]
[White "Londono Lopez, Donaldo Eliuver"]
[Black "Zuluaga Mancilla, Cesar"]
[Result "1/2-1/2"]
[WhiteElo "2057"]
[BlackElo "2233"]
[PlyCount "138"]
[EventDate "2022.12.13"]
[EventType "swiss"]
[EventRounds "10"]
[EventCountry "COL"]
[SourceTitle "CBM 211 Extra"]
[Source "ChessBase"]
[SourceDate "2023.01.31"]
[SourceVersion "1"]
[SourceVersionDate "2023.01.31"]
[SourceQuality "1"]

1. e4 c5 2. Nf3 a6 3. Nc3 b5 4. d4 cxd4 5. Nxd4 Bb7 6. Bg5 h6 7. Bh4 Qa5 8. Nb3 Qc7 9. Qd2 Nf6 10. Bxf6 gxf6 11. 0-0-0 e6 12. Qd4 Be7 13. Be2 Nc6 14. Qe3 Ne5 15. Kb1 Rc8 16. f4 Ng6 17. Rhf1 b4 18. Nd5 exd5 19. exd5 Kf8 20. Bd3 Bc5 21. Qg3 Ne7 22. Be4 d6 23. Qh4 Ng8 24. g4 Qe7 25. Bf5 Rc7 26. Rfe1 Qd8 27. Re2 Bb6 28. Rde1 Bxd5 29. Re8+ Qxe8 30. Rxe8+ Kxe8 31. Qe1+ Re7 32. Qxb4 Bc7 33. c4 Bc6 34. Nd4 a5 35. Qb3 Ba8 36. Qb5+ Kf8 37. Qa6 Re8 38. Nb5 Re1+ 39. Kc2 Bf3 40. Nxc7 Kg7 41. Qxd6 Ne7 42. Bd7 Re2+ 43. Kc3 Ng6 44. Qd3 Rf2 45. Ne8+ Rxe8 46. Bxe8 Bxg4 47. Qd8 Rf3+ 48. Kd2 Rf2+ 49. Kc1 Rxf4 50. b3 Rf2 51. Qxa5 Ne5 52. Qa7 Bf5 53. Qxf2 Nd3+ 54. Kd2 Nxf2 55. a4 Kf8 56. Bc6 Ke7 57. b4 Be4 58. Bb5 Bh1 59. c5 Ng4 60. a5 Nxh2 61. a6 Ba8 62. Be2 Nf3+ 63. Ke3 Ne5 64. b5 Kd7 65. Kf4 Kd8 66. Kf5 Nd7 67. Kf4 Ne5 68. Kf5 Kc8 69. c6 Nd7 1/2-1/2

[Event "Palmira Fortalece Sede"]
[Site "Palmira"]
[Date "2022.12.14"]
[Round "2"]
[White "Londono Lopez, Donaldo Eliuver"]
[Black "Argote Heredia, Valentina"]
[Result "0-1"]
[WhiteElo "2057"]
[BlackElo "2165"]
[PlyCount "78"]
[EventDate "2022.12.13"]
[EventType "swiss"]
[EventRounds "10"]
[EventCountry "COL"]
[SourceTitle "CBM 211 Extra"]
[Source "ChessBase"]
[SourceDate "2023.01.31"]
[SourceVersion "1"]
[SourceVersionDate "2023.01.31"]
[SourceQuality "1"]

1. e4 c5 2. Nf3 e6 3. d4 cxd4 4. Nxd4 a6 5. Nc3 b5 6. Bd3 Bb7 7. Qe2 Nc6 8. Nxc6 Bxc6 9. f4 b4 10. Nd5 f5 11. Bd2 Bb7 12. exf5 Bxd5 13. Qh5+ g6 14. fxg6 Nf6 15. g7+ Nxh5 16. gxh8Q Qh4+ 17. Kd1 Nf6 18. Bxb4 Kf7 19. Bc3 Bg7 20. Bxf6 Qxf6 21. Qxh7 Rh8 22. Qg6+ Qxg6 23. Bxg6+ Kxg6 24. c3 Bxg2 25. Rg1 Rxh2 26. Rc1 Kf5 27. Rc2 Bf3+ 28. Kc1 Rh7 29. b4 Be4 30. a4 d5 31. b5 axb5 32. axb5 Bxc2 33. Kxc2 Bf6 34. Kb3 Rc7 35. Rg3 Kxf4 36. Rh3 Be7 37. Ka4 Ra7+ 38. Kb3 Ra3+ 39. Kb2 Ra5 0-1

[Event "Palmira Fortalece Sede"]
[Site "Palmira"]
[Date "2022.12.14"]
[Round "3"]
[White "Rodriguez Velasco, German Enrique"]
[Black "Londono Lopez, Donaldo Eliuver"]
[Result "0-1"]
[WhiteElo "2071"]
[BlackElo "2057"]
[PlyCount "68"]
[EventDate "2022.12.13"]
[EventType "swiss"]
[EventRounds "10"]
[EventCountry "COL"]
[SourceTitle "CBM 211 Extra"]
[Source "ChessBase"]
[SourceDate "2023.01.31"]
[SourceVersion "1"]
[SourceVersionDate "2023.01.31"]
[SourceQuality "1"]

1. d4 Nf6 2. Nf3 g6 3. c4 Bg7 4. Nc3 d5 5. cxd5 Nxd5 6. e4 Nxc3 7. bxc3 c5 8. Bb5+ Nc6 9. Bxc6+ bxc6 10. 0-0 cxd4 11. cxd4 c5 12. Be3 0-0 13. Qa4 Bd7 14. Qc4 Rc8 15. e5 cxd4 16. Qxd4 Bb5 17. Rfe1 Qxd4 18. Bxd4 a6 19. Rac1 Bh6 20. Rc5 Rfd8 21. h4 e6 22. Rxc8 Rxc8 23. Ng5 Rc4 24. Be3 Bf8 25. Rd1 Be7 26. f3 Bc6 27. Rb1 Bb4 28. Rd1 h6 29. Rd8+ Kg7 30. Nh3 Be7 31. Rd4 Bd5 32. Rd2 Bxh4 33. Nf4 Bg3 34. Nd3 Ra4 0-1

[Event "Palmira Fortalece Sede"]
[Site "Palmira"]
[Date "2022.12.13"]
[Round "1"]
[White "Campos Gomez, Manuel"]
[Black "Londono Lopez, Donaldo Eliuver"]
[Result "1/2-1/2"]
[WhiteElo "2331"]
[BlackElo "2057"]
[PlyCount "63"]
[EventDate "2022.12.13"]
[EventType "swiss"]
[EventRounds "10"]
[EventCountry "COL"]
[SourceTitle "CBM 211 Extra"]
[Source "ChessBase"]
[SourceDate "2023.01.31"]
[SourceVersion "1"]
[SourceVersionDate "2023.01.31"]
[SourceQuality "1"]

1. Nf3 Nf6 2. g3 g6 3. Bg2 Bg7 4. 0-0 d5 5. d4 0-0 6. c4 c6 7. b3 a5 8. Nc3 Bf5 9. Bb2 Ne4 10. Nh4 Nxc3 11. Bxc3 Be6 12. Qd3 Qb6 13. Rfc1 Rd8 14. Rab1 Qa6 15. Bb2 a4 16. f4 Qa5 17. e3 Nd7 18. cxd5 cxd5 19. Bf1 f5 20. Bc3 Qa7 21. Bb4 Bf8 22. g4 fxg4 23. Nxg6 axb3 24. axb3 Qb6 25. Nxf8 Rxf8 26. Bxe7 Bf5 27. Qc3 Rfe8 28. Bc5 Qe6 29. Ra1 Rxa1 30. Rxa1 Qxe3+ 31. Qxe3 Rxe3 32. Rb1 1/2-1/2

[Event "COL-chT"]
[Site "Santa Marta"]
[Date "2022.11.05"]
[Round "6.2"]
[White "Londono Lopez, Donaldo Eliuver"]
[Black "Avila Pavas, Santiago"]
[Result "0-1"]
[WhiteElo "2055"]
[BlackElo "2461"]
[PlyCount "56"]
[EventDate "2022.11.02"]
[EventType "team-swiss"]
[EventRounds "7"]
[EventCountry "COL"]
[SourceTitle "CBM 211 Extra"]
[Source "ChessBase"]
[SourceDate "2023.01.31"]
[SourceVersion "1"]
[SourceVersionDate "2023.01.31"]
[SourceQuality "1"]
[WhiteTeam "Risaralda II"]
[BlackTeam "Valle"]
[WhiteTeamCountry "COL"]
[BlackTeamCountry "COL"]

1. e4 Nf6 2. e5 Nd5 3. c4 Nb6 4. d4 d6 5. exd6 cxd6 6. Nc3 g6 7. Be3 Bg7 8. Rc1 0-0 9. b3 e5 10. dxe5 dxe5 11. Qxd8 Rxd8 12. c5 N6d7 13. Bc4 Nc6 14. Nf3 h6 15. Ne4 Na5 16. Be2 f5 17. Nd6 e4 18. Nd2 Nf6 19. N2c4 Nxc4 20. Bxc4+ Kh7 21. 0-0 Ng4 22. Rfd1 Nxe3 23. fxe3 Bb2 24. Rb1 Bf6 25. Kf2 Be7 26. Rbc1 Rb8 27. Ke2 Kg7 28. Rd2 Kf6 0-1

[Event "COL-chT Rapid"]
[Site "Santa Marta"]
[Date "2022.11.04"]
[Round "4.3"]
[White "Londono Lopez, Donaldo Eliuver"]
[Black "Dominguez, Ramiro"]
[Result "1-0"]
[WhiteElo "1982"]
[BlackElo "2120"]
[PlyCount "95"]
[EventDate "2022.11.02"]
[EventType "team-swiss"]
[EventRounds "7"]
[EventCountry "COL"]
[SourceTitle "CBM 211 Extra"]
[Source "ChessBase"]
[SourceDate "2023.01.31"]
[SourceVersion "1"]
[SourceVersionDate "2023.01.31"]
[SourceQuality "1"]
[WhiteTeam "Risaralda II"]
[BlackTeam "Bolivar"]
[WhiteTeamCountry "COL"]
[BlackTeamCountry "COL"]

1. e4 e5 2. Nf3 Nc6 3. Bb5 a6 4. Ba4 Nf6 5. 0-0 Be7 6. Re1 b5 7. Bb3 d6 8. c3 0-0 9. h3 Na5 10. Bc2 c5 11. d4 Qc7 12. Nbd2 cxd4 13. cxd4 Nc6 14. Nb3 a5 15. Be3 Nb4 16. Bb1 a4 17. Nbd2 Bd7 18. a3 Na6 19. Bd3 Rac8 20. Qe2 Qb8 21. Rac1 h6 22. Nb1 Rxc1 23. Rxc1 exd4 24. Nxd4 Nc5 25. Bxb5 Bxb5 26. Nxb5 Ncxe4 27. N1c3 d5 28. Nxa4 Re8 29. Nd4 Bd6 30. Qb5 Qd8 31. Nc3 Be5 32. Nc6 Qd6 33. Nxe5 Qxe5 34. Qd3 Nxc3 35. Qxc3 Qf5 36. Rd1 Rc8 37. Qd3 Qh5 38. b4 Ra8 39. Rb1 Ne4 40. b5 Rc8 41. b6 Rc3 42. Qxc3 Nxc3 43. b7 Nxb1 44. b8Q+ Kh7 45. Qxb1+ g6 46. Qd3 Qe5 47. Bd4 Qf4 48. Qe3 1-0

[Event "COL-chT Rapid"]
[Site "Santa Marta"]
[Date "2022.11.03"]
[Round "2.3"]
[White "Londono Lopez, Donaldo Eliuver"]
[Black "Panesso Rivera, Henry"]
[Result "1-0"]
[WhiteElo "1982"]
[BlackElo "2405"]
[PlyCount "115"]
[EventDate "2022.11.02"]
[EventType "team-swiss"]
[EventRounds "7"]
[EventCountry "COL"]
[SourceTitle "CBM 211 Extra"]
[Source "ChessBase"]
[SourceDate "2023.01.31"]
[SourceVersion "1"]
[SourceVersionDate "2023.01.31"]
[SourceQuality "1"]
[WhiteTeam "Risaralda II"]
[BlackTeam "Antioquia"]
[WhiteTeamCountry "COL"]
[BlackTeamCountry "COL"]

1. e4 c5 2. Nf3 e6 3. d4 cxd4 4. Nxd4 Nc6 5. Nc3 a6 6. f4 Qc7 7. Nxc6 bxc6 8. e5 d5 9. exd6 Bxd6 10. Ne4 Be7 11. Bd3 Nf6 12. Ng5 h6 13. Nf3 Bb7 14. 0-0 c5 15. Qe2 0-0 16. Ne5 Nd5 17. c4 Nb4 18. Be4 Nc6 19. Bxc6 Bxc6 20. Nxc6 Qxc6 21. Be3 Bf6 22. Rad1 Qe4 23. Rd2 Rfc8 24. b3 Bc3 25. Qd3 Qxd3 26. Rxd3 Bb4 27. f5 Rd8 28. Rxd8+ Rxd8 29. fxe6 fxe6 30. Kf2 a5 31. Ke2 a4 32. bxa4 Ra8 33. a3 Bxa3 34. Ra1 Bb4 35. a5 Kf7 36. a6 Ke7 37. a7 Kd7 38. Kd3 Kc6 39. Bf4 Rd8+ 40. Ke4 Kb7 41. a8Q+ Rxa8 42. Rxa8 Kxa8 43. Ke5 Kb7 44. Kxe6 Kb6 45. Be5 g5 46. g4 Bd2 47. Kd5 Be3 48. Bd6 Bg1 49. h3 Be3 50. Bf8 Bf2 51. Bxh6 Bh4 52. Bf8 Bf2 53. Be7 Be3 54. h4 gxh4 55. Bxh4 Bd4 56. Be7 Be3 57. g5 Kc7 58. Ke4 1-0

[Event "Pan American-ch U20"]
[Site "Pereira"]
[Date "2022.08.24"]
[Round "4"]
[White "Puerta Rendon, Jacobo"]
[Black "Londono Lopez, Donaldo Eliuver"]
[Result "1-0"]
[WhiteElo "1662"]
[BlackElo "2044"]
[PlyCount "103"]
[EventDate "2022.08.23"]
[EventType "swiss"]
[EventRounds "9"]
[EventCountry "COL"]
[SourceTitle "CBM 210 Extra"]
[Source "ChessBase"]
[SourceDate "2022.11.30"]
[SourceVersion "1"]
[SourceVersionDate "2022.11.30"]
[SourceQuality "1"]

1. e4 c5 2. Nf3 d6 3. Bb5+ Nc6 4. 0-0 Bd7 5. Re1 Nf6 6. Nc3 a6 7. Bf1 Bg4 8. Be2 e6 9. d3 Be7 10. h3 Bh5 11. e5 dxe5 12. Nxe5 Bxe2 13. Qxe2 Nd4 14. Qd1 0-0 15. Ne4 Rc8 16. c3 Nc6 17. Nxc6 Rxc6 18. Be3 Qd5 19. Ng3 Rd8 20. d4 Qc4 21. Qe2 Qxe2 22. Rxe2 Nd5 23. Rd1 f5 24. c4 Nb6 25. b3 g5 26. Red2 f4 27. dxc5 Rxd2 28. Bxd2 Nxc4 29. Ne4 Nxd2 30. Rxd2 Rc7 31. b4 Kf7 32. Nd6+ Kf8 33. Re2 Bxd6 34. cxd6 Rc1+ 35. Kh2 Kf7 36. Re5 h6 37. Rc5 Rxc5 38. bxc5 e5 39. f3 Ke6 40. h4 b5 41. cxb6 Kxd6 42. hxg5 hxg5 43. Kh3 Kc6 44. Kg4 Kxb6 45. Kf5 Kc5 46. Kxe5 Kb4 47. Kf5 Ka3 48. Kxg5 Kxa2 49. Kxf4 a5 50. g4 a4 51. g5 a3 52. g6 1-0

[Event "COL-ch U20"]
[Site "Barranquilla"]
[Date "2022.07.10"]
[Round "8"]
[White "Gonzalez Mojica, Renan Arturo"]
[Black "Londono Lopez, Donaldo Eliuver"]
[Result "1-0"]
[WhiteElo "1981"]
[BlackElo "2070"]
[PlyCount "87"]
[EventDate "2022.07.06"]
[EventType "swiss"]
[EventRounds "9"]
[EventCountry "COL"]
[SourceTitle "EXT 2023"]
[Source "ChessBase"]
[SourceDate "2022.10.05"]
[SourceVersion "1"]
[SourceVersionDate "2022.10.05"]
[SourceQuality "1"]

1. d4 Nf6 2. c4 c5 3. d5 b5 4. cxb5 a6 5. bxa6 g6 6. Nc3 Bg7 7. e4 0-0 8. Nf3 Qa5 9. Bd2 Bxa6 10. Bxa6 Qxa6 11. Qe2 d6 12. a4 Nbd7 13. Nb5 Rfb8 14. 0-0 Ne8 15. Bg5 Nc7 16. h4 Nxb5 17. axb5 Qxa1 18. Rxa1 Rxa1+ 19. Kh2 Kf8 20. Bf4 Ra4 21. g3 f6 22. h5 Ke8 23. hxg6 hxg6 24. e5 Nxe5 25. Nxe5 dxe5 26. Qc2 Raa8 27. Qxg6+ Kf8 28. Be3 Rc8 29. b6 Rab8 30. Qc2 Rxb6 31. Bxc5 Kf7 32. b4 Rbb8 33. Qf5 Bf8 34. Qe6+ Kg7 35. g4 Rd8 36. Kh3 Rb7 37. Kh4 Rbd7 38. Kh5 Rxd5 39. Bxe7 e4+ 40. g5 Bxe7 41. Qxe7+ Kh8 42. Qxf6+ Kg8 43. Qg6+ Kf8 44. Qxe4 1-0

[Event "COL-ch U20"]
[Site "Barranquilla"]
[Date "2022.07.10"]
[Round "9"]
[White "Londono Lopez, Donaldo Eliuver"]
[Black "Padilla, Daniel Eduardo"]
[Result "1-0"]
[WhiteElo "2070"]
[BlackElo "1708"]
[PlyCount "23"]
[EventDate "2022.07.06"]
[EventType "swiss"]
[EventRounds "9"]
[EventCountry "COL"]
[SourceTitle "EXT 2023"]
[Source "ChessBase"]
[SourceDate "2022.10.05"]
[SourceVersion "1"]
[SourceVersionDate "2022.10.05"]
[SourceQuality "1"]

1. e4 e6 2. d4 d5 3. Nc3 Nf6 4. e5 Nfd7 5. f4 c5 6. Nf3 Nc6 7. Be3 Be7 8. Qd2 0-0 9. dxc5 Bxc5 10. Bd3 Nb6 11. Bxc5 Re8 12. Ng5 1-0

[Event "COL-ch U20"]
[Site "Barranquilla"]
[Date "2022.07.09"]
[Round "7"]
[White "Londono Lopez, Donaldo Eliuver"]
[Black "Puerta Rendon, Jacobo"]
[Result "1-0"]
[WhiteElo "2070"]
[BlackElo "1636"]
[PlyCount "66"]
[EventDate "2022.07.06"]
[EventType "swiss"]
[EventRounds "9"]
[EventCountry "COL"]
[SourceTitle "EXT 2023"]
[Source "ChessBase"]
[SourceDate "2022.10.05"]
[SourceVersion "1"]
[SourceVersionDate "2022.10.05"]
[SourceQuality "1"]

1. e4 e5 2. Nf3 Nc6 3. Bb5 a6 4. Ba4 Nf6 5. 0-0 b5 6. Bb3 Be7 7. d4 d6 8. dxe5 dxe5 9. Qxd8+ Bxd8 10. a4 Bb7 11. axb5 axb5 12. Rxa8 Bxa8 13. Re1 Be7 14. Nc3 Bb4 15. Bd2 Nd4 16. Nxe5 Nxb3 17. cxb3 0-0 18. f3 Rd8 19. Be3 Bd6 20. Rd1 Re8 21. Nd3 Bc6 22. b4 Nd7 23. Kf2 f5 24. exf5 Bxh2 25. Bf4 Bxf4 26. Nxf4 Rf8 27. Nfd5 Kh8 28. Nxc7 Rxf5 29. N7xb5 Rxb5 30. Nxb5 Bxb5 31. Ke3 Kg8 32. Kd4 Kf7 33. Re1 Bc6 1-0